|
|
|
|
| LEADER |
00000nkmaa2200000 a 4500 |
| 001 |
vtls010628727 |
| 003 |
SK-MaSNL |
| 005 |
20260425223859.0 |
| 007 |
kh co |
| 008 |
231204q1905 xo ||00 k|slo |
| 035 |
|
|
|a 60471FF8-629F-4761-BCB6-F70FC26BEDC7
|
| 035 |
|
|
|a urn:nbn:sk:snk-kmxw4z
|
| 035 |
|
|
|a urn:nbn:sk:snk-km001lbl
|
| 040 |
|
|
|a SNKLA
|b slo
|c SNKLA
|e AACR2
|
| 041 |
0 |
|
|a slo
|
| 044 |
|
|
|a xo
|c SK
|
| 245 |
0 |
0 |
|a Baňská Štiavnica
|h [grafika]
|
| 260 |
|
|
|a Baňská-Štiavnica
|b Nákl. Joerges
|c [medzi 1905 a 1949?]
|
| 300 |
|
|
|a 1 pohľadnica
|b kolorovaná
|c 14x9 cm
|
| 651 |
|
7 |
|a Banská Štiavnica (Slovensko)
|2 SNKPH
|9 16373
|
| 651 |
|
7 |
|a Slovensko
|2 SNKPH
|9 14231
|
| 655 |
|
7 |
|a geografické pohľadnice
|2 SNKPH
|9 70522
|
| 958 |
|
|
|a BLA
|
| 999 |
|
|
|c 598136
|d 600066
|
| 952 |
|
|
|a SNKLA
|b SNKLA
|c SNKLA_DEP
|y NEVYP
|7 0
|p 17A1006087
|o snkPB 10/353
|i snkLA 6281/1972
|0 0
|1 0
|4 0
|d 2014-10-17
|f 1
|l 0
|r 2026-02-23 15:45:41
|w 2026-02-23
|